000 01003nam a22003497a 4500
001 BR2023000326
003 BR-BrBNA
005 20230511111451.0
008 230503b bl.||||| |||| 00| 0 por d
040 _aBR-BrBNA
_beng, por
041 _apor
041 _aeng
072 _aE71 ; E70 ; E21
090 _aE71 BR2023000326
110 _aSecretaria de Estado de Agricultura, Pecuária e Abastecimento, Belo Horizonte, MG (Brazil)
245 _aPanorama do comércio exterior do agronegócio de Minas Gerais
250 _a11. ed.
260 _aBelo Horizonte, MG (Brazil) :
_bSeapa,
_c2019
300 _a120 p.
500 _a120 illus.; 1 table; 20 graphs
650 _aCOMÉRCIO EXTERIOR
650 _aEXPORTAÇÃO
650 _aIMPORTAÇÃO
650 _aCOMERCIALIZAÇÃO
650 _aAGRONEGÓCIO
650 _aCADEIA PRODUTIVA
650 _aADUBO
650 _aFERTILIZANTE
650 _aINDÚSTRIA AGRÍCOLA
909 _a202305
_bFernando Magalhães
942 _cBK
999 _c9020
_d9020